000 00742nam a2200205Ia 4500
003 GCL
008 140319s9999 xx 000 0 ara d
040 _aGCL /
_cGCL
082 0 4 _a709.9532
_bم م
100 1 _aمصطفى عبدالله شيحة
245 1 0 _aمدخل الى العمارة والفنون الاسلامية فى الجمهورية العربية اليمنية /
_cمصطفى عبدالله شيحة
260 _a[S.N] :
_bلا يوجد ،
_c1987
300 _a254 ص ؛
_c24 سم
650 0 4 _aاليمن
650 0 4 _aالعمارة الاسلامية
650 0 4 _aالاثار الاسلامية
650 0 4 _aالحضارة الاسلامية
650 0 4 _aالفنون الاسلامية
942 _2ddc
_cBK
999 _c36041
_d36041